000 00723nam a2200181 i 4500
001 103799
003 ES-MaACL
005 20230906183440.0
007 t|
008 051118s1954 cu ||||1| spa d
100 1 _aMesa Rodríguez, Manuel I.
_980641
245 1 0 _aDiez años de guerra
_b: (El Pacto del Zanjón, la Constitución de Baraguá y el fin de la contienda) /
_cdiscurso leído por el académico de número Prof. Manuel I. Mesa Rodríguez...
260 _aLa Habana :
_b[s.n.],
_c1954 (
_fImp. El Siglo XX)
300 _a43 p., 2 lám. ;
_c24 cm.
500 _aPrecede al tít.: Academia de la Historia de Cuba.
710 2 _aAcademia de la Historia de Cuba.
_91183
852 _aES-MaACL
_j1963-F-16
_bR.36755
999 _c103799
_d103799